NBA, MLB, NFL, and NHL Teams with the Most Losses in the Finals - Statistics

General Stats
  • This quiz has been taken 1,014 times
  • The average score is 11 of 17
Answer Stats
Losses Wins League Team % Correct
15 17 NBA Los Angeles Lakers
95%
13 27 MLB New York Yankees
86%
5 6 NFL New England Patriots
80%
14 7 MLB Los Angeles Dodgers
73%
11 24 NHL Montreal Canadiens
72%
8 13 NHL Toronto Maple Leafs
68%
14 6 NHL Boston Bruins
67%
13 11 NHL Detroit Red Wings
63%
8 3 MLB Chicago Cubs
62%
12 8 MLB San Francisco Giants
62%
8 11 MLB St. Louis Cardinals
60%
7 6 NHL Chicago Blackhawks
58%
6 2 NBA New York Knicks
52%
6 3 NBA Philadelphia 76ers
50%
6 4 MLB Atlanta Braves
49%
6 2 NHL Philadelphia Flyers
43%
7 4 MLB Detroit Tigers
42%
No matching quizzes found
Score Distribution
Percent of People with Each Score
Percentile by Number Answered
Your Score History
You have not taken this quiz